01911cam a2200325 a 45000010009000000050017000090080041000260100017000670150015000840200015000990350023001140400023001370420014001600430012001740820020001861000065002062450142002712600084004133000048004975040051005455050583005966500028011796500042012077000023012497000026012727000021012988560098013198560090014178560078015071267036020220326193303.0020206s2001 enka 001 0 eng d a 2002275328 aGBA1-Y5734 a0471496081 a(OCoLC)ocm46601213 aUKMcUKMdCUSdDLC alccopycat aw------00a7020.913bT778t aTzonis, Alexander; Lefaivre, Liane; Stagno, Bruno (Editores)00aTropical architecture :bcritical regionalism in the age of globalization /cedited by Alexander Tzonis, Liane Lefaivre and Bruno Stagno. aChichester ;aNew York :bWiley-Academic ;aThe Netherlands :bC. Fonds,c2001. a311 p. :bill. (some col.), plans ;c25 cm. aIncludes bibliographical references and index. tTropical Critical Regionalism: Introductory Comments tThe Suppression and Rethinking Regionalism and Tropicalism after 1945tGlobalizacion: some cultural dilemmas tTropicality tmodernizing appropiations/appropriating modernity tarchitecture and national identity tarchitecture and City in the Caribbean: Colonialism, Syncretism and Coming to Terms with the tropics tDesigning and Building in the Tropics tArchitectural Responses in the tropical India tThe green agenda tThree Tropical design paradigms tRethinking the city in the tropics: the tropical city concept  0aArchitecture, Tropical. 0aRegionalism in architecturezTropics.1 aTzonis, Alexander.1 aStagno, Bruno,d1943-1 aLefaivre, Liane.423Contributor biographical informationuhttp://www.loc.gov/catdir/bios/wiley042/2002275328.html423Publisher descriptionuhttp://www.loc.gov/catdir/description/wiley035/2002275328.html413Table of contentsuhttp://www.loc.gov/catdir/toc/wiley022/2002275328.html